Glanage dans le vieux et le nouveau Cauterets thermal / (Record no. 102898)

MARC details
000 -LEADER
campo de control de longitud fija 00876nam a22002175i 4500
001 - NÚMERO DE CONTROL
campo de control 102898
003 - IDENTIFICADOR DE NÚMERO DE CONTROL
campo de control ES-MaACL
005 - FECHA Y HORA DE LA ÚLTIMA TRANSACCIÓN
campo de control 20230906183217.0
007 - CAMPO FIJO DE DESCRIPCIÓN FÍSICA--INFORMACIÓN GENERAL
campo de control de longitud fija t|
008 - DATOS DE LONGITUD FIJA--INFORMACIÓN GENERAL
campo de control de longitud fija 950714s1885 fr ||||1| fre d
040 ## - FUENTE DE CATALOGACIÓN
Centro catalogador/agencia de origen CAM
Lengua de catalogación spa
Centro/agencia transcriptor CAM
100 1# - ENTRADA PRINCIPAL--NOMBRE DE PERSONA
Nombre de persona Daudirac
Títulos y otros términos asociados al nombre Dr.
9 (RLIN) 42808
245 10 - MENCIÓN DEL TÍTULO
Título Glanage dans le vieux et le nouveau Cauterets thermal /
Mención de responsabilidad, etc. par le docteur Daudirac.
260 ## - PUBLICACIÓN, DISTRIBUCIÓN, ETC.
Lugar de publicación, distribución, etc. Toulouse :
Nombre del editor, distribuidor, etc. Edouard Privat,
Fecha de publicación, distribución, etc. 1885.
300 ## - DESCRIPCIÓN FÍSICA
Extensión 49 p. ;
Dimensiones 20 cm.
500 ## - NOTA GENERAL
Nota general Extrait de la Revue médicale et scientifique d'hydrologie et de climatologie pyrénéennes, année 1885.
505 8# - NOTA DE CONTENIDO CON FORMATO
Nota de contenido con formato Contiene: Étude rétrospective sur La Fontaine d'Amour o Bains d'En-Bas, de Canarie, de Bruzaud a Cauterets [p.3-24] -- La source de Rieumiset [p. 25-49]
650 #4 - PUNTO DE ACCESO ADICIONAL DE MATERIA--TÉRMINO DE MATERIA
Término de materia o nombre geográfico como elemento de entrada Aguas minerales-
Subdivisión geográfica Francia.
9 (RLIN) 135524
650 04 - PUNTO DE ACCESO ADICIONAL DE MATERIA--TÉRMINO DE MATERIA
Término de materia o nombre geográfico como elemento de entrada Balnearios-
Subdivisión geográfica Francia.
9 (RLIN) 10481
852 ## - LOCALIZACIÓN
Ubicación ES-MaACL
Número de control de estantería T-470-F-22
Holdings
Estatus retirado Estado de pérdida Estado de daño No para préstamo Colección Biblioteca de origen Biblioteca actual Ubicación en estantería Fecha de adquisición Fuente de adquisición Total de préstamos Signatura topográfica completa Código de barras Visto por última vez Precio de reemplazo Tipo de ítem Koha
        Colección de folletos Biblioteca del Ateneo de Madrid Biblioteca del Ateneo de Madrid Depósito folletos 17/01/2008     T-470-F-22 1107425 23/02/2023 23/02/2023 Folleto